Do którego państwa ma najbliżej to wyspiarskie państwo? - Statystyki

Ogólne statystyki
  • Ten quiz został rozwiązany 1 194 razy
  • Średni wynik to 9 z 12
Statystyki odpowiedzi
Państwo wyspiarskie Najbliższe państwo % Poprawnych
Malta Włochy
94%
Cypr Turcja
93%
Islandia Dania
90%
Sri Lanka Indie
90%
Japonia Rosja
86%
Australia Papua Nowa Gwinea
79%
Jamajka Kuba
73%
Bahrajn Katar
66%
Filipiny Malezja
65%
Republika Zielonego Przylądka Senegal
54%
Trynidad i Tobago Wenezuela
54%
Wyspy Świętego Tomasza i Książęca Gwinea Równikowa
41%
Nie znaleziono quizów pasujących do podanych kryteriów
Rozkład punktacji
Procent ludzi z każdym wynikiem
Percentyl według liczby udzielonych odpowiedzi
Twoja historia wyników
Nie rozwiązałeś tego quizu